[Event "COL-ch sf"]
[Site "Bogota"]
[Date "2020.11.16"]
[Round "8"]
[White "Montenegro, Juan Rolando"]
[Black "Hernandez, Gonzalo"]
[Result "1-0"]
[WhiteElo "2077"]
[BlackElo "2000"]
[PlyCount "29"]
[EventDate "2020.11.12"]
[EventType "swiss"]
[EventRounds "8"]
[EventCountry "COL"]
[SourceTitle "CBM 199 Extra"]
[Source "ChessBase"]
[SourceDate "2021.01.31"]
[SourceVersion "1"]
[SourceVersionDate "2021.01.31"]
[SourceQuality "1"]

1. e4 c5 2. Nf3 d6 3. c3 Nf6 4. h3 g6 5. Bd3 Bg7 6. Bc2 0-0 7. 0-0 Nc6 8. d4 Nd7 9. Be3 e5 10. dxc5 dxc5 11. Qe2 Qb6 12. Bb3 Qc7 13. a4 a6 14. Na3 Qa5 15. Bd5 1-0

[Event "Antioquia op"]
[Site "Antioquia"]
[Date "2020.03.04"]
[Round "2"]
[White "Diaz Larrea, Juan Manuel"]
[Black "Hernandez, Gonzalo"]
[Result "0-1"]
[WhiteElo "1575"]
[BlackElo "1992"]
[PlyCount "43"]
[EventDate "2020.03.03"]
[EventType "swiss"]
[EventRounds "9"]
[EventCountry "COL"]
[SourceTitle "CBM 195 Extra"]
[Source "ChessBase"]
[SourceDate "2020.05.31"]
[SourceVersion "1"]
[SourceVersionDate "2020.05.31"]
[SourceQuality "1"]

1. e4 c5 2. Nc3 Nc6 3. f4 g6 4. Nf3 Bg7 5. Bc4 e6 6. e5 d5 7. exd6 Qxd6 8. d3 b6 9. 0-0 Nge7 10. Kh1 Bb7 11. a3 Nf5 12. Ne4 Qc7 13. c3 a6 14. Qe1 Rd8 15. Neg5 Qe7 16. Qe2 h6 17. Ne4 0-0 18. Bd2 Nh4 19. Nxh4 Qxh4 20. Qf2 Qe7 21. Qg3 Na5 22. Ba2 0-1

[Event "COL-ch Amateur U2300"]
[Site "Paipa"]
[Date "2020.02.28"]
[Round "4"]
[White "Estrella Becerra, Fernando"]
[Black "Hernandez, Gonzalo"]
[Result "1-0"]
[WhiteElo "1939"]
[BlackElo "1993"]
[PlyCount "67"]
[EventDate "2020.02.26"]
[EventType "swiss"]
[EventRounds "7"]
[EventCountry "COL"]
[SourceTitle "EXT 2021"]
[Source "ChessBase"]
[SourceDate "2020.10.23"]
[SourceVersion "1"]
[SourceVersionDate "2020.10.23"]
[SourceQuality "1"]

1. c4 e5 2. Nc3 Nf6 3. g3 d5 4. cxd5 Nxd5 5. Bg2 Nb6 6. d3 Be7 7. Nf3 Nc6 8. 0-0 0-0 9. a3 a5 10. b3 Bg4 11. h3 Bh5 12. Bb2 f5 13. Rc1 Bf6 14. Qc2 Qe7 15. e4 Bxf3 16. Bxf3 Nd4 17. Qd1 Bg5 18. Rb1 fxe4 19. Bxe4 Rad8 20. Bg2 c6 21. Ne4 Bh6 22. b4 axb4 23. axb4 Nd5 24. Bxd4 exd4 25. Qb3 Kh8 26. Qc4 Nb6 27. Qc5 Qc7 28. b5 Na4 29. Qb4 cxb5 30. Qxb5 Nc3 31. Qxb7 Qe5 32. Rbe1 Rb8 33. Qa7 Qh5 34. g4 1-0

[Event "Bogota Navidad op"]
[Site "Bogota"]
[Date "2019.12.07"]
[Round "5"]
[White "Hernandez, Gonzalo"]
[Black "Sanchez, Sebastian Felipe"]
[Result "0-1"]
[WhiteElo "1998"]
[BlackElo "2419"]
[PlyCount "96"]
[EventDate "2019.12.05"]
[EventType "swiss"]
[EventRounds "7"]
[EventCountry "COL"]
[SourceTitle "CBM 193 Extra"]
[Source "ChessBase"]
[SourceDate "2020.01.31"]
[SourceVersion "1"]
[SourceVersionDate "2020.01.31"]
[SourceQuality "1"]

1. e4 c5 2. Nf3 e6 3. d4 cxd4 4. Nxd4 Nc6 5. Nc3 Qc7 6. g3 a6 7. Bg2 Nf6 8. 0-0 Be7 9. Re1 0-0 10. Bf4 e5 11. Nxc6 dxc6 12. Bd2 Bg4 13. f3 Be6 14. b3 Rfd8 15. Qe2 Bc5+ 16. Kh1 b5 17. Rad1 Rd7 18. Nb1 Rad8 19. Bg5 h6 20. Rxd7 Qxd7 21. Be3 Bb4 22. c3 Ba5 23. Bf1 g5 24. Qc2 Kg7 25. Be2 Qe7 26. Rg1 g4 27. Qc1 Rh8 28. Nd2 gxf3 29. Bxf3 Ng4 30. Nf1 Nxe3 31. Nxe3 Bb6 32. Re1 Bxe3 33. Qxe3 Rd8 34. Kg2 Qa3 35. Re2 c5 36. g4 Kg6 37. Rc2 c4 38. b4 Rd3 39. Qe1 a5 40. Be2 axb4 41. cxb4 Re3 42. Qh4 Rxe4 43. Qh5+ Kg7 44. Bf3 Re1 45. g5 Qe3 46. Qxh6+ Kg8 47. Rf2 e4 48. Bd1 Rxd1 0-1

[Event "Bogota Navidad op"]
[Site "Bogota"]
[Date "2019.12.07"]
[Round "4"]
[White "Lopez Ramirez, Daniel Giovanny"]
[Black "Hernandez, Gonzalo"]
[Result "0-1"]
[WhiteElo "1739"]
[BlackElo "1998"]
[PlyCount "40"]
[EventDate "2019.12.05"]
[EventType "swiss"]
[EventRounds "7"]
[EventCountry "COL"]
[SourceTitle "CBM 193 Extra"]
[Source "ChessBase"]
[SourceDate "2020.01.31"]
[SourceVersion "1"]
[SourceVersionDate "2020.01.31"]
[SourceQuality "1"]

1. e4 c5 2. Nf3 d6 3. c4 Nc6 4. d4 cxd4 5. Nxd4 Nf6 6. Nc3 g6 7. Be3 Ng4 8. Bc1 Bg7 9. h3 Nxf2 10. Kxf2 Qb6 11. Be3 Bxd4 12. Bxd4 Qxd4+ 13. Qxd4 Nxd4 14. Nd5 Kd8 15. Rd1 e5 16. Bd3 f5 17. Rhf1 Rf8 18. Ke3 Be6 19. Nc3 f4+ 20. Kd2 Kd7 0-1

[Event "Uniagraria AlphaZero op 2nd"]
[Site "Uniagraria"]
[Date "2019.11.11"]
[Round "7"]
[White "Vasquez Gonzalez, Jairo"]
[Black "Hernandez, Gonzalo"]
[Result "0-1"]
[WhiteElo "1600"]
[BlackElo "1998"]
[PlyCount "50"]
[EventDate "2019.11.08"]
[EventType "swiss"]
[EventRounds "7"]
[EventCountry "COL"]
[SourceTitle "CBM 193 Extra"]
[Source "ChessBase"]
[SourceDate "2020.01.31"]
[SourceVersion "1"]
[SourceVersionDate "2020.01.31"]
[SourceQuality "1"]

1. e4 c5 2. Nf3 d6 3. d4 cxd4 4. Nxd4 Nf6 5. Nc3 g6 6. f3 Bg7 7. Be3 0-0 8. Qd2 Nc6 9. Bc4 Bd7 10. h4 Qc7 11. Bb3 Ne5 12. 0-0-0 Rfc8 13. g4 Nc4 14. Bxc4 Qxc4 15. h5 b5 16. hxg6 fxg6 17. Bh6 Bh8 18. Bg5 b4 19. Bxf6 bxc3 20. Qh2 cxb2+ 21. Kb1 Bxf6 22. Qxh7+ Kf8 23. Qh6+ Bg7 24. Qf4+ Kg8 25. Qg5 Bxd4 0-1

[Event "Uniagraria AlphaZero op 2nd"]
[Site "Uniagraria"]
[Date "2019.11.08"]
[Round "1"]
[White "Hernandez, Gonzalo"]
[Black "Gonzalez Mojica, Renan Arturo"]
[Result "1/2-1/2"]
[WhiteElo "1998"]
[BlackElo "1575"]
[PlyCount "67"]
[EventDate "2019.11.08"]
[EventType "swiss"]
[EventRounds "7"]
[EventCountry "COL"]
[SourceTitle "CBM 193 Extra"]
[Source "ChessBase"]
[SourceDate "2020.01.31"]
[SourceVersion "1"]
[SourceVersionDate "2020.01.31"]
[SourceQuality "1"]

1. e4 d6 2. d4 Nf6 3. Nc3 g6 4. Be2 Bg7 5. h4 h5 6. Bg5 c6 7. Nf3 b5 8. e5 dxe5 9. Nxe5 b4 10. Na4 Qa5 11. Nc5 Nfd7 12. Nexd7 Bxd7 13. Nxd7 Nxd7 14. 0-0 e6 15. Qd2 Qb6 16. Rfd1 Nf6 17. Bf3 0-0 18. c4 Rac8 19. Qf4 Nd7 20. Be7 Rfe8 21. Bd6 e5 22. dxe5 Nxe5 23. Be2 c5 24. Rd5 Nd7 25. Qd2 Nf6 26. Rd3 Ne4 27. Qf4 Nxd6 28. Rxd6 Be5 29. Qxe5 Rxe5 30. Rxb6 axb6 31. Bf3 Rd8 32. Bd5 b5 33. b3 bxc4 34. Bxc4 1/2-1/2

[Event "COL pre olympic sf3"]
[Site "Cartagena"]
[Date "2019.08.17"]
[Round "6"]
[White "Torres, Jorge Emilio"]
[Black "Hernandez, Gonzalo"]
[Result "1-0"]
[WhiteElo "2010"]
[BlackElo "2095"]
[PlyCount "49"]
[EventDate "2019.08.14"]
[EventType "swiss"]
[EventRounds "10"]
[EventCountry "COL"]
[SourceTitle "EXT 2020"]
[Source "ChessBase"]
[SourceDate "2019.10.17"]
[SourceVersion "1"]
[SourceVersionDate "2019.10.17"]
[SourceQuality "1"]

1. d4 f5 2. Nf3 e6 3. c4 Nf6 4. Nc3 Be7 5. Bf4 d6 6. e3 c6 7. Be2 a6 8. h3 b5 9. a3 0-0 10. b4 bxc4 11. Bxc4 a5 12. b5 cxb5 13. Nxb5 Ne4 14. 0-0 Bd7 15. Qb3 d5 16. Bxd5 exd5 17. Qxd5+ Kh8 18. Qxa8 Bxb5 19. Rfb1 Nc3 20. Rxb5 Nxb5 21. Rb1 Nd6 22. Qd5 Qc7 23. Ng5 Qc6 24. Qe6 Bxg5 25. Qxd6 1-0

[Event "COL pre olympic sf3"]
[Site "Cartagena"]
[Date "2019.08.16"]
[Round "5"]
[White "Hernandez, Gonzalo"]
[Black "Torres, Juan Camilo"]
[Result "0-1"]
[WhiteElo "2095"]
[BlackElo "2270"]
[PlyCount "94"]
[EventDate "2019.08.14"]
[EventType "swiss"]
[EventRounds "10"]
[EventCountry "COL"]
[SourceTitle "EXT 2020"]
[Source "ChessBase"]
[SourceDate "2019.10.17"]
[SourceVersion "1"]
[SourceVersionDate "2019.10.17"]
[SourceQuality "1"]

1. e4 e5 2. Nf3 Nc6 3. Bb5 a6 4. Ba4 Nf6 5. d3 b5 6. Bb3 Be7 7. a4 b4 8. a5 d6 9. h3 0-0 10. 0-0 Be6 11. Bxe6 fxe6 12. c3 Rb8 13. d4 bxc3 14. Nxc3 exd4 15. Nxd4 Qd7 16. Nxc6 Qxc6 17. Qd3 Rb4 18. Bg5 h6 19. Rac1 Qc4 20. Qd2 Qd4 21. Qxd4 Rxd4 22. Be3 Rb4 23. Nd1 Rb7 24. f3 Nd7 25. b4 Rc8 26. Rc6 Nb8 27. Rc4 d5 28. exd5 exd5 29. Rd4 Bxb4 30. Rxd5 Rb5 31. Rd3 Bxa5 32. Nf2 Bb4 33. Ne4 Nc6 34. Nc3 Ne5 35. Nxb5 Nxd3 36. Na7 Re8 37. Bd4 c5 38. Ba1 c4 39. Nc6 a5 40. Rd1 Re2 41. Bd4 Re6 42. Na7 Nf4 43. Kf1 c3 44. Bxc3 Bxc3 45. Nb5 Bf6 46. g3 Ne2 47. Kf2 Nc3 0-1

[Event "COL pre olympic sf3"]
[Site "Cartagena"]
[Date "2019.08.16"]
[Round "4"]
[White "Lopez Ramirez, Jorge Hernan"]
[Black "Hernandez, Gonzalo"]
[Result "0-1"]
[WhiteElo "1936"]
[BlackElo "2095"]
[PlyCount "43"]
[EventDate "2019.08.14"]
[EventType "swiss"]
[EventRounds "10"]
[EventCountry "COL"]
[SourceTitle "EXT 2020"]
[Source "ChessBase"]
[SourceDate "2019.10.17"]
[SourceVersion "1"]
[SourceVersionDate "2019.10.17"]
[SourceQuality "1"]

1. e4 c5 2. c3 Nf6 3. e5 Nd5 4. d4 e6 5. Nf3 cxd4 6. cxd4 d6 7. Bd3 Nc6 8. 0-0 dxe5 9. Nxe5 Bd6 10. Re1 Qc7 11. Nc3 Nxc3 12. bxc3 0-0 13. Bxh7+ Kxh7 14. Qh5+ Kg8 15. Re3 Nxe5 16. dxe5 Bc5 17. Rh3 f5 18. Qh7+ Kf7 19. Rg3 Rg8 20. Bh6 Qxe5 21. Rd3 Be7 22. Rad1 0-1

[Event "Tunja Boyaca op"]
[Site "Tunja"]
[Date "2019.07.31"]
[Round "1"]
[White "Hernandez, Gonzalo"]
[Black "Martinez Romero, Martin"]
[Result "0-1"]
[WhiteElo "2095"]
[BlackElo "2418"]
[PlyCount "62"]
[EventDate "2019.07.31"]
[EventType "swiss"]
[EventRounds "9"]
[EventCountry "COL"]
[SourceTitle "EXT 2020"]
[Source "ChessBase"]
[SourceDate "2019.10.17"]
[SourceVersion "1"]
[SourceVersionDate "2019.10.17"]
[SourceQuality "1"]

1. e4 c5 2. Nf3 d6 3. d4 cxd4 4. Nxd4 Nf6 5. Nc3 g6 6. Be2 Bg7 7. 0-0 Nc6 8. Nb3 0-0 9. Bg5 Be6 10. Kh1 Rc8 11. f4 Na5 12. f5 Bc4 13. Bd3 a6 14. Nxa5 Qxa5 15. Bxc4 Rxc4 16. Bxf6 Bxf6 17. Nd5 Rxe4 18. Nxf6+ exf6 19. Qxd6 Qe5 20. Qb6 Re2 21. Qxb7 Rb8 22. Qxa6 Kg7 23. fxg6 hxg6 24. Qd3 Rh8 25. h3 Re3 26. Qd2 Qe4 27. Rae1 Rexh3+ 28. Kg1 Rh1+ 29. Kf2 Qf5+ 30. Ke2 Rxf1 31. Rxf1 Re8+ 0-1

[Event "COL pre olympic sf2"]
[Site "Palmira"]
[Date "2019.06.02"]
[Round "9"]
[White "Guayara Diaz, William Alonso"]
[Black "Hernandez, Gonzalo"]
[Result "1/2-1/2"]
[WhiteElo "1934"]
[BlackElo "2107"]
[PlyCount "56"]
[EventDate "2019.05.29"]
[EventType "swiss"]
[EventRounds "10"]
[EventCountry "COL"]
[SourceTitle "CBM 190 Extra"]
[Source "ChessBase"]
[SourceDate "2019.07.15"]
[SourceVersion "1"]
[SourceVersionDate "2019.07.15"]
[SourceQuality "1"]

1. d4 f5 2. Nf3 Nf6 3. h3 e6 4. Bf4 Be7 5. e3 d6 6. c4 0-0 7. Nc3 Nc6 8. Be2 Bd7 9. a3 Qe8 10. Bh2 Bd8 11. 0-0 e5 12. Re1 h6 13. b4 Ne4 14. Qc2 Nxc3 15. Qxc3 e4 16. Nd2 g5 17. c5 d5 18. f3 Ne7 19. fxe4 fxe4 20. Rf1 Nf5 21. Rf2 c6 22. Raf1 Be7 23. a4 Qg6 24. b5 Nh4 25. Rxf8+ Rxf8 26. Rxf8+ Kxf8 27. g4 h5 28. Qc2 Qe8 1/2-1/2

[Event "COL pre olympic sf2"]
[Site "Palmira"]
[Date "2019.06.01"]
[Round "7"]
[White "Munoz Galvez, Jhon Edison"]
[Black "Hernandez, Gonzalo"]
[Result "1/2-1/2"]
[WhiteElo "2323"]
[BlackElo "2107"]
[PlyCount "84"]
[EventDate "2019.05.29"]
[EventType "swiss"]
[EventRounds "10"]
[EventCountry "COL"]
[SourceTitle "CBM 190 Extra"]
[Source "ChessBase"]
[SourceDate "2019.07.15"]
[SourceVersion "1"]
[SourceVersionDate "2019.07.15"]
[SourceQuality "1"]

1. d4 f5 2. c4 Nf6 3. g3 e6 4. Bg2 Be7 5. Nf3 0-0 6. 0-0 d6 7. b3 Nc6 8. Bb2 Qe8 9. d5 exd5 10. cxd5 Nb4 11. Nc3 a5 12. a3 Na6 13. b4 Bd7 14. Qb3 Qh5 15. e3 Kh8 16. Qc4 Ng4 17. Ne2 Bf6 18. Nf4 Qe8 19. Bxf6 Nxf6 20. Nd4 Rc8 21. Rfc1 Rf7 22. Nfe6 Ne4 23. Nxf5 Nxf2 24. Nfxg7 Rxg7 25. Kxf2 Rf7+ 26. Kg1 axb4 27. Qd4+ Kg8 28. axb4 Qe7 29. Rf1 Bb5 30. Rxf7 Qxf7 31. Bf1 Bd7 32. Bh3 Qe7 33. Rf1 c5 34. Qa1 Nc7 35. Rf4 Nxe6 36. dxe6 Be8 37. Rf7 Qg5 38. Bf5 Qxe3+ 39. Kg2 Qe2+ 40. Kh3 Qh5+ 41. Kg2 Qe2+ 42. Kg1 Qe3+ 1/2-1/2

[Event "Bogota Navidad op"]
[Site "Bogota"]
[Date "2014.12.04"]
[Round "2"]
[White "Hernandez, Gonzalo"]
[Black "Hernandez, Elvert"]
[Result "1-0"]
[WhiteElo "2126"]
[BlackElo "2027"]
[PlyCount "89"]
[EventDate "2014.12.04"]
[EventType "swiss"]
[EventRounds "9"]
[EventCountry "COL"]
[SourceTitle "CBM 163 Extra"]
[Source "ChessBase"]
[SourceDate "2014.12.23"]
[SourceVersion "1"]
[SourceVersionDate "2014.12.23"]
[SourceQuality "1"]

1. e4 c5 2. Nf3 Nc6 3. d4 cxd4 4. Nxd4 Nf6 5. Nc3 e5 6. Ndb5 d6 7. Nd5 Nxd5 8. exd5 Nb8 9. g3 Be7 10. Bg2 Bd7 11. a4 0-0 12. 0-0 f5 13. c4 Bxb5 14. axb5 Bf6 15. g4 f4 16. Be4 Bg5 17. Qc2 g6 18. Bxg6 hxg6 19. Qxg6+ Kh8 20. Ra3 Bh4 21. Rh3 Qf6 22. Qh5+ Kg7 23. Rxh4 Qg6 24. f3 Nd7 25. Bd2 a6 26. Bb4 Qxh5 27. Rxh5 Rf6 28. Ra1 Nb6 29. bxa6 bxa6 30. b3 Nd7 31. Bc3 Kg6 32. h4 Rf7 33. Ra5 Nf6 34. Rg5+ Kh6 35. Rf5 Kg7 36. Be1 Rb7 37. b4 Rc8 38. Rxa6 Rxc4 39. Rxd6 Nd7 40. h5 Rc1 41. Kf2 Ra7 42. g5 Ra2+ 43. Kf1 Rcc2 44. Rxd7+ Kg8 45. Rxe5 1-0